<?xml version="1.0" encoding="UTF-8"?>
<record
    xmlns:xsi="http://www.w3.org/2001/XMLSchema-instance"
    xsi:schemaLocation="http://www.loc.gov/MARC21/slim http://www.loc.gov/standards/marcxml/schema/MARC21slim.xsd"
    xmlns="http://www.loc.gov/MARC21/slim">

  <leader>01974nam a22001937a 4500</leader>
  <controlfield tag="003">OSt</controlfield>
  <controlfield tag="005">20240506095749.0</controlfield>
  <controlfield tag="008">240408s2014    ag ||||| |||| 00| 1 spa d</controlfield>
  <datafield tag="020" ind1=" " ind2=" ">
    <subfield code="a">9789508453037</subfield>
  </datafield>
  <datafield tag="040" ind1=" " ind2=" ">
    <subfield code="c">besoc</subfield>
  </datafield>
  <datafield tag="100" ind1="1" ind2=" ">
    <subfield code="a">Iglesia, Cristina</subfield>
    <subfield code="d">1944-</subfield>
    <subfield code="e">autor</subfield>
  </datafield>
  <datafield tag="245" ind1="1" ind2="0">
    <subfield code="a">Justo entonces /</subfield>
    <subfield code="c">Cristina Iglesia</subfield>
  </datafield>
  <datafield tag="260" ind1=" " ind2=" ">
    <subfield code="a">Rosario :</subfield>
    <subfield code="b">Beatriz Viterbo :</subfield>
    <subfield code="b">UNR,</subfield>
    <subfield code="c">2014</subfield>
  </datafield>
  <datafield tag="300" ind1=" " ind2=" ">
    <subfield code="a">90 p.</subfield>
  </datafield>
  <datafield tag="505" ind1="0" ind2=" ">
    <subfield code="a">Arabescos -- Cornerstones -- En cuclillas -- Mid City -- Justo entonces -- Baffa's -- Barco naranjero -- Andando -- Transparencias -- Caf&#xE9; Rybka -- Mingau de Carim&#xE1; -- El Espa&#xF1;ol -- M&#xFA;sica lenta -- Arco&#xED;ris --Enero -- Como antes, ahora -- Aldeas -- Balvanera -- Luces de tormenta -- Sommerbrize -- Gaviotas.-</subfield>
  </datafield>
  <datafield tag="520" ind1=" " ind2=" ">
    <subfield code="a">"Soy feliz de una manera extra&#xF1;a, material, como si no pudiera dejar de serlo y nada m&#xE1;s en el mundo interviniera: solo lluvia, el ventanal y el teclado sabido y tambi&#xE9;n misterioso porque no hay plan, no hay urgencia, solo la sensaci&#xF3;n de estar all&#xED;, a oscuras, escribiendo que las gaviotas sobrevolaron por primera vez en la terraza de mi casa romana un d&#xED;a de mayo en formaci&#xF3;n imprecisa y vacilante creando un circulo blanco sobre azul todav&#xED;a p&#xE1;lido de la ma&#xF1;ana; que las vi de nuevo por la noche, iluminadas por el resplandor intenso de la fontana produciendo un espect&#xE1;culo de brillo enloquecido que parec&#xED;a solo dirigido a m&#xED;; que trat&#xE9; de adivinar con cu&#xE1;nta regularidad armar&#xED;an esa suerte de juego de luz con forma de gaviotas; que decid&#xED; no medir esas frecuencias y encontrarme con ellas cuando menos lo esperara; que no hubo otras veces, que nunca repitieron el arco prodigioso, que no volv&#xED; a pensar en ellas hasta el momento justo en que decid&#xED; transformarlas en palabras mientras la lluvia golpea la ventana escondida en Balvanera y la convierte en abrigo seguro frente al mundo y en promesa fluida de escritura" [Nota del editor]</subfield>
  </datafield>
  <datafield tag="650" ind1=" " ind2="4">
    <subfield code="a">Literatura argentina</subfield>
    <subfield code="v">Relatos</subfield>
    <subfield code="y">Siglo XXI</subfield>
  </datafield>
  <datafield tag="942" ind1=" " ind2=" ">
    <subfield code="2">udc</subfield>
    <subfield code="c">OG</subfield>
    <subfield code="n">0</subfield>
  </datafield>
  <datafield tag="999" ind1=" " ind2=" ">
    <subfield code="c">223</subfield>
    <subfield code="d">223</subfield>
  </datafield>
  <datafield tag="952" ind1=" " ind2=" ">
    <subfield code="0">0</subfield>
    <subfield code="1">0</subfield>
    <subfield code="2">udc</subfield>
    <subfield code="4">0</subfield>
    <subfield code="7">0</subfield>
    <subfield code="8">CG</subfield>
    <subfield code="a">ESOCIALES</subfield>
    <subfield code="b">ESOCIALES</subfield>
    <subfield code="d">2024-05-06</subfield>
    <subfield code="l">0</subfield>
    <subfield code="o">82-34(822.2) IG24</subfield>
    <subfield code="p">000536</subfield>
    <subfield code="r">2024-05-06 00:00:00</subfield>
    <subfield code="w">2024-05-06</subfield>
    <subfield code="y">OG</subfield>
  </datafield>
</record>
